Bruce Springsteen Albums Tile Select - Statistics

General Stats
  • This quiz has been taken 120 times
  • The average score is 39 of 45
Answer Stats
Question Tile Select % Correct
the following songs that are on Born in the U.S.A. (1984). Open All Night No
96%
the following songs that are on Born in the U.S.A. (1984). Glory Days Yes
95%
the following songs that are on Born to Run (1975). 4th of July, Asbury Park (Sandy) No
94%
the following songs that are on Born to Run (1975). Blinded by the Light No
94%
the following songs that are on Born in the U.S.A. (1984). Pink Cadillac No
94%
the following songs that are on Born to Run (1975). Tenth Avenue Freeze-Out Yes
94%
the following songs that are on Born to Run (1975). Thunder Road Yes
94%
the following songs that are on Born in the U.S.A. (1984). Dancing in the Dark Yes
93%
the following songs that are on Born in the U.S.A. (1984). Independence Day No
93%
the following songs that are on Born to Run (1975). Jungleland Yes
93%
the following songs that are on Born to Run (1975). Prove It All Night No
92%
the following songs that are on The River (1980). Atlantic City No
91%
the following songs that are on Born in the U.S.A. (1984). I'm on Fire Yes
91%
the following songs that are on Born to Run (1975). Spirit in the Night No
91%
the following songs that are on Tunnel of Love (1987). Brilliant Disguise Yes
89%
the following songs that are on Darkness on the Edge of Town (1978). Meeting Across the River No
89%
the following songs that are on The River (1980). My Hometown No
89%
the following songs that are on Born in the U.S.A. (1984). No Surrender Yes
89%
the following songs that are on Darkness on the Edge of Town (1978). Two Hearts No
89%
the following songs that are on The River (1980). Incident on 57th Street No
88%
the following songs that are on Darkness on the Edge of Town (1978). Rosalita (Come Out Tonight) No
88%
the following songs that are on Darkness on the Edge of Town (1978). She's the One No
88%
the following songs that are on Born to Run (1975). Backstreets Yes
87%
the following songs that are on Tunnel of Love (1987). Downbound Train No
87%
the following songs that are on The River (1980). Hungry Heart Yes
87%
the following songs that are on Tunnel of Love (1987). Streets of Philadelphia No
87%
the following songs that are on Darkness on the Edge of Town (1978). Badlands Yes
85%
the following songs that are on The River (1980). Something in the Night No
85%
the following songs that are on The River (1980). Out in the Street Yes
84%
the following songs that are on Darkness on the Edge of Town (1978). The Promised Land Yes
84%
the following songs that are on Tunnel of Love (1987). Tougher Than the Rest Yes
84%
the following songs that are on The River (1980). The Ties That Bind Yes
83%
the following songs that are on Tunnel of Love (1987). Trapped No
83%
the following songs that are on Darkness on the Edge of Town (1978). Adam Raised a Cain Yes
82%
the following songs that are on Born in the U.S.A. (1984). Cover Me Yes
82%
the following songs that are on The River (1980). Factory No
81%
the following songs that are on Tunnel of Love (1987). I'm Goin' Down No
81%
the following songs that are on Darkness on the Edge of Town (1978). Racing in the Street Yes
78%
the following songs that are on The River (1980). Jackson Cage Yes
76%
the following songs that are on Born to Run (1975). Night Yes
75%
the following songs that are on Tunnel of Love (1987). Stand On It No
75%
the following songs that are on Born in the U.S.A. (1984). Working on the Highway Yes
75%
the following songs that are on Tunnel of Love (1987). One Step Up Yes
70%
the following songs that are on Darkness on the Edge of Town (1978). Streets of Fire Yes
67%
the following songs that are on Tunnel of Love (1987). Spare Parts Yes
65%
No matching quizzes found
Score Distribution
Percent of People with Each Score
Percentile by Number Answered
Your Score History
You have not taken this quiz